| 000 | 02046nam0a2200385 4500 | ||
|---|---|---|---|
| 001 | RU\NLR\BIBL_A\012620192 | ||
| 005 | 20211209165706.0 | ||
| 010 |
_a978-5-907365-33-9 _9500 |
||
| 021 |
_aRU _bКН-П-21-037838 _9КН-П-21-2946 |
||
| 035 | _a(NLR Aleph) 012620192 | ||
| 090 |
_a12636411 _c12636410 |
||
| 100 | _a20211014d2021 k y0rusy50 ca | ||
| 101 | 1 |
_arus _ceng |
|
| 102 | _aRU | ||
| 105 | _ay z 000zy | ||
| 181 | 0 |
_ai _baxxe |
|
| 182 | 0 | _an | |
| 200 | 1 |
_aСхема-терапия _eотличительные особенности _fЭшколь Рафаэли, Дэвид Ф. Бернштейн, Джеффри Янг _gперевод с английского и редакция О. Л. Пелявского |
|
| 203 |
_aТекст _bвизуальный _cнепосредственный |
||
| 210 |
_aМосква _aСанкт-Петербург _cДиалектика _d2021 |
||
| 215 |
_a189 с. _d23 |
||
| 300 | _aЗагл. и авт. ориг.: Schema therapy: distinctive features / Eshkol Rafaeli, David P. Bernstein and Jeffrey Young | ||
| 300 | _aНа 4-й с. обл. авт.: Э. Рафаэли, психолог-клиницист, адъюнкт-проф., Д. Ф. Бернштейн, адъюнкт-проф., Джеффри Янг | ||
| 320 | _aБиблиогр.: с. 185-189 (61 назв.) | ||
| 454 | 1 |
_12001#$aSchema therapy$edistinctive features$fEshkol Rafaeli, David P. Bernstein and Jeffrey Young _1700#1$aRafaeli$bE.$gEshkol _1701#1$aBernstein$bD. P.$gDavid P. _1701#1$aYoung$bJ. E.$f1950-$gJeffrey E. _tSchema therapy _aRafaeli, Eshkol |
|
| 606 | 1 |
_aСхемная терапия _jПопулярные издания _92453422 _3RU\NLR\AUTH\6601676059 |
|
| 686 | 1 | _aЮ948.1-82z9 | |
| 686 | 1 | _aР357.19я9 | |
| 700 | 1 |
_aРафаэли _bЭ. _gЭшколь |
|
| 701 | 1 |
_aБернштейн _bД. Ф. _gДэвид Ф. |
|
| 701 | 1 |
_aЯнг _bД. _f1950- _gДжеффри |
|
| 942 | _cBOOK | ||
| 980 | _aNB | ||